| 000 | 00352pab a2200145 454500 | ||
|---|---|---|---|
| 008 | 180718b1986 xxu||||| |||| 00| 0 eng d | ||
| 100 | _aGarrett, John | ||
| 245 | _aDeveloping state audit in Britain | ||
| 260 | _c1986 | ||
| 300 | _a421-33 | ||
| 362 | _aWinter | ||
| 650 | _aAuditing - U.K. | ||
| 773 | _aPublic Administration (London) | ||
| 909 | _a4096 | ||
| 999 |
_c4096 _d4096 |
||